| 000 | 00615nam a22002057a 4500 | ||
|---|---|---|---|
| 999 |
_c18504 _d18504 |
||
| 003 | AR-CdUCM | ||
| 008 | 190514b ||||| |||| 00| 0 spa d | ||
| 040 |
_aMUNICIPALIDAD PROVINCIAL DEL CUSCO _cBIBLIOTECA MUNICIPAL DEL CUSCO |
||
| 082 |
_a869.26 / _bC29 |
||
| 100 |
_aCarilla, Emilio _96090 |
||
| 245 | _aEl río / | ||
| 260 |
_aTucuman : _bTalleres tempra, _c1953. |
||
| 300 |
_a67 paginas ; _c29 cm. |
||
| 505 | _aContenido :Poesía | ||
| 650 |
_aPoesías argentinas _911979 |
||
| 650 |
_aLiteratura argentina _984 |
||
| 650 |
_aPoetas argentinos _911817 |
||
| 942 |
_2ddc _cLIBROS |
||
| 945 |
_awnts _d2019-05-14 |
||